000 01391cam a2200385 a 4500
001 16623585
005 20170105102912.0
008 110125r20092006enka b 001 0ceng
010 _a 2010549869
020 _a9781845117825 (pbk.)
020 _a1845117824 (pbk.)
040 _aDLC
_cDLC
042 _apcc
043 _ae-uk-st
_aa-tu---
050 0 0 _aDA501.K56
_bE37 2009
082 0 4 _a327.2092
_222
100 1 _aWebb, Nigel.
245 1 4 _aThe Earl and his butler in Constantinople :
_bthe secret diary of an English servant among the Ottomans /
_cNigel and Caroline Webb.
250 _aNew ed.
260 _aLondon :
_bI. B. Tauris,
_c2009.
300 _axiv, 257 p.,
_bill. (some col.) ;
_c24 cm.
500 _aOriginally published: Oakham: Legini, 2006.
504 _aContains bibliography (p. 237-245) and index.
600 1 0 _aKinnoul, George Hay,
_cEarl of,
_d1689-1758.
600 1 0 _aMedley, Samuel,
_dapproximately 1667-
_vDiaries.
650 0 _aAristocracy (Social class)
_zScotland
_vBiography.
650 0 _aAmbassadors
_zGreat Britain
_vBiography.
650 0 _aAmbassadors
_zTurkey
_vBiography.
650 0 _aButlers
_vBiography.
651 0 _aTurkey
_xHistory
_yMahmud I, 1730-1754.
700 1 _aWebb, Caroline.
906 _a7
_bcbc
_corignew
_d2
_encip
_f20
_gy-gencatlg
942 _2ddc
_cBK
999 _c15194
_d15194